This or That: Big Cats Quiz Stats

 Plays Quiz Updated Nov 14, 2017

Challenge
Share
Tweet
Embed
Score 0/12 Timer 03:00
5 Plays Today
Question Answer Wrong Answers
The most social of the big cats is the: Lion
84.1%
Tiger
13.4%
Male lions are inactive for approximately ____ hours per day. 20
77.5%
12
20%
These big cats are so solitary that no word exists for a group of them: Snow leopards
73.1%
Tigers
24.1%
Lions are considered to be: Vulnerable
70.4%
Endangered
27.1%
This country has the greatest number of wild tigers: India
69.9%
Russia
27.5%
Snow leopards are unable to roar. True
69.3%
False
28.2%
This is the largest of the big cats: Tiger
65.6%
Lion
31.9%
Tigers' stripes appear on: Their fur and their skin
61.7%
Their fur only
35.8%
Lions are mainly: Nocturnal
52.2%
Diurnal
45.3%
White tigers are the result of a genetic variation that occurs in approximately ____ natural births. 1 in 10,000
46.1%
1 in 100,000
51.3%
The approximate number of snow leopards in the wild is: 4,000-6,500
29.9%
1,000-2,500
67.4%
Snow leopards are considered to be: Vulnerable
21.8%
Endangered
75.6%

You're not logged in!

Compare scores with friends on all Sporcle quizzes.
OR
Log In

You Might Also Like...

Show Comments

Extras

Top Quizzes Today


Score Distribution

Your Account Isn't Verified!

In order to create a playlist on Sporcle, you need to verify the email address you used during registration. Go to your Sporcle Settings to finish the process.

Report this User

Report this user for behavior that violates our Community Guidelines.

Details: